مكتبة جامعة عجلون الوطنية

فهرس بحث المكتبة

 سبل السلام : شرح بلوغ المرام من جمع أدلة الأحكام، الجزء 4  (Record no. 21495)

MARC details
000 -LEADER
fixed length control field 01035nam a2200217Ii 4500
003 - CONTROL NUMBER IDENTIFIER
control field JO-AjNU
005 - DATE AND TIME OF LATEST TRANSACTION
control field 20240110135739.0
008 - FIXED-LENGTH DATA ELEMENTS--GENERAL INFORMATION
fixed length control field 230605s9999||||xx |||||||||||||| ||und||
040 ## - CATALOGING SOURCE
Original cataloging agency JO-AjNU
Language of cataloging ara
Description conventions rda
Transcribing agency JO-AjNU
041 ## - LANGUAGE CODE
Language code of text/sound track or separate title ara
050 14 - LIBRARY OF CONGRESS CALL NUMBER
Classification number BP135.A3.I26373
100 3# - MAIN ENTRY--PERSONAL NAME
Personal name تأليف الصتعاني، محمد بن اسماعيل الأمير اليمنى؛ محمد عبد العزيز الخولى،صححه وعلق عليه,
Relator term author
9 (RLIN) 41951
245 00 - TITLE STATEMENT
Title  سبل السلام : شرح بلوغ المرام من جمع أدلة الأحكام، الجزء 4 
264 31 - PRODUCTION, PUBLICATION, DISTRIBUTION, MANUFACTURE, AND COPYRIGHT NOTICE
Place of production, publication, distribution, manufacture بيروت: دار الجيل، 1900
300 ## - PHYSICAL DESCRIPTION
Extent ج4، من 1263- 1667ص
336 ## - CONTENT TYPE
Content type term text
Content type code txt
Source rdacontent
337 ## - MEDIA TYPE
Media type term unmediated
Media type code n
Source rdamedia
338 ## - CARRIER TYPE
Carrier type term volume
Carrier type code nc
Source rdacarrier
650 #4 - SUBJECT ADDED ENTRY--TOPICAL TERM
Topical term or geographic name entry element الفقه الإسلامي -- الحديث -- أحكام -- الحديث -- شرح -- ابن حجر العسقلاني، أحمد بن علي، 1372-1449. بلوغ المرام من جمع ادلة الأحكام
9 (RLIN) 41952
942 ## - ADDED ENTRY ELEMENTS (KOHA)
Source of classification or shelving scheme Library of Congress Classification
Koha item type Books
Holdings
Withdrawn status Lost status Source of classification or shelving scheme Damaged status Not for loan Home library Current library Shelving location Date acquired Total Checkouts Full call number Barcode Date last seen Price effective from Koha item type
    Library of Congress Classification     مكتبة جامعة عجلون الوطنية مكتبة جامعة عجلون الوطنية المراجع 06/06/2023   BP135.A3.I26373 A17927 06/06/2023 06/06/2023 Reference